The antiquities of Westminster (Record no. 114001)
[ view plain ]
| 000 -LEADER | |
|---|---|
| fixed length control field | 00760cam a22001935a 4500 |
| 001 - CONTROL NUMBER | |
| control field | L156043 |
| 008 - FIXED-LENGTH DATA ELEMENTS--GENERAL INFORMATION | |
| fixed length control field | 120426s1837 xxk f 000 0 eng d |
| 035 ## - SYSTEM CONTROL NUMBER | |
| System control number | (Sirsi) u156043 |
| 041 0# - LANGUAGE CODE | |
| Language code of text/sound track or separate title | eng |
| 100 1# - MAIN ENTRY--PERSONAL NAME | |
| Personal name | Smith, John Thomas |
| Dates associated with a name | 1766-1833 |
| 245 04 - TITLE STATEMENT | |
| Title | The antiquities of Westminster |
| Remainder of title | the Old Palace, St. Stephen's Chapel ... illustrated by three hundred and fifty engravings of topographical subjects ... |
| Statement of responsibility, etc. | drawn on the spot, or collected from scarce drawings or paintings by John Thomas Smith |
| 250 ## - EDITION STATEMENT | |
| Edition statement | New ed. |
| 260 ## - PUBLICATION, DISTRIBUTION, ETC. | |
| Place of publication, distribution, etc. | London |
| Name of publisher, distributor, etc. | J. B. Nichols |
| Date of publication, distribution, etc. | 1837 |
| 300 ## - PHYSICAL DESCRIPTION | |
| Extent | xix, 278 p. |
| Other physical details | illus., maps, plans |
| Dimensions | 30 cm. |
| 583 ## - ACTION NOTE | |
| Action | Condition reviewed |
| Time/date of action | 20120620 |
| Status | condition level 3 |
| 651 #4 - SUBJECT ADDED ENTRY--GEOGRAPHIC NAME | |
| Geographic name | London |
| 690 ## - LOCAL SUBJECT ADDED ENTRY--TOPICAL TERM (OCLC, RLIN) | |
| Topical term or geographic name as entry element | Conservation and restoration |
| 942 ## - ADDED ENTRY ELEMENTS (KOHA) | |
| Suppress in OPAC | 0 |
| Withdrawn status | Lost status | Source of classification or shelving scheme | Damaged status | Not for loan | Home library | Current library | Shelving location | Date acquired | Total Checkouts | Full call number | Barcode | Date last seen | Copy number | Price effective from | Koha item type |
|---|---|---|---|---|---|---|---|---|---|---|---|---|---|---|---|
| Dewey Decimal Classification | Historic collection | Historic collection | Historic collection | 26/04/2012 | QUARTO 1837 SMITH | 30075886 | 06/08/2019 | 1 | 06/08/2019 | Book |